El Antoniano : (Record no. 21947)

000 -CABECERA
fixed length control field 02331nam a22003017a 4500
003 - IDENTIFICADOR DEL NÚMERO DE CONTROL
control field AR-CdUCM
008 - DATOS DE LONGITUD FIJA--INFORMACIÓN GENERAL
fixed length control field 190425b ||||| |||| 00| 0 spa d
040 ## - FUENTE DE LA CATALOGACIÓN
Agencia/entidad que catalogó originalmente la obra MUNICIPALIDAD PROVINCIAL DEL CUSCO
Entidad que transcribió la catalogación BIBLIOTECA MUNICIPAL DEL CUSCO
082 ## - NÚMERO DE LA CLASIFICACIÓN DECIMAL DEWEY
No. de Clasificación Rev.Anto/N°119/2011
110 ## - ENTRADA PRINCIPAL--NOMBRE DE ENTIDAD CORPORATIVA
Nombre de la institución, jurisdicción como entrada principal Universidad Nacional de San Antonio Abad del Cusco
9 (RLIN) 15942
245 ## - MENCIÓN DE TÍTULO
Título El Antoniano :
Resto del título Revista científico cultural de la Universidad Nacional de San Antonio Abad del Cusco /
Mención de responsabilidad Hugo Bonet Rodríguez, director
260 ## - PUBLICACIÓN, DISTRIBUCIÓN, ETC.
Lugar de publicación, distribución, etc. Cusco :
Nombre de la editorial, distribuidor, etc. UNSAAC,
Fecha de publicación, distribución, etc. 2011.
300 ## - DESCRIPCIÓN FÍSICA
Nº de Páginas Extensión 182 páginas. :
Otros detalles físicos ilustraciones ;
Dimensiones 29 cm.
440 ## - MENCIÓN DE SERIE/PUNTO DE ACCESO ADICIONAL--TÍTULO
Título El Antononiano.
Número de la parte/sección de una obra Año 21, N°119, tercer trimestre, 2011.
9 (RLIN) 46958
505 ## - NOTA DE CONTENIDO CON FORMATO
Nota de contenido formateada Contenido: Españoles en nuevo mundo. Jorge Flores Ochoa. -- Fiesta del Wasichacuy en Marcapata. Diana Castillo Cerf. -- José María Arguedas en Cusco. Ricardo Valderrama. -- Apellidos aborígenes andinos. Leandro Zans Candia. -- Economía de subsistencia en la globalización. Mario Morvelí Salas. -- Demetrio Roca Wallparimachi y las clasificaciones étnicas. Gonzalo Valderrama Escalante. -- Cosecha de agua de lluvia. María Consuelo Ancco. -- Arquitectura de obrajes y chorrillos cusqueños. Inti Barreto Rivera. -- Producción del habitar en Machupicchu. Víctor Manuel Salas. -- Casas cusqueñas en inminente riesgo. Mariela Carrasco Gamarra. -- El pasado en el desarrollo humano. Fernando Oviedo Hinojosa. -- Transmisibilidad en maquinas rotativas. David Barrios Bárcena. -- Minería y medio ambiente. Ángel Bueno Galdo. -- El trigo. José Ángel Escalante Gutiérrez. -- Flórula vascular en Machupicchu. Julio Gustavo Ochoa Estrada. -- José María Arguedas hacia el futuro. Efraín Garcés Chalco. -- Dr. Víctor Navarro del Águila y el Machupicchu. Demetrio Roca Wallparimachi. -- Túpac Amaru Kamaq Taytanchisman. José María Arguedas.
650 ## - PUNTO DE ACCESO ADICIONAL DE MATERIA--TÉRMINO DE MATERIA
Descriptor Folklore cusqueño
9 (RLIN) 8693
650 ## - PUNTO DE ACCESO ADICIONAL DE MATERIA--TÉRMINO DE MATERIA
Descriptor Identidad cultural
9 (RLIN) 2943
650 ## - PUNTO DE ACCESO ADICIONAL DE MATERIA--TÉRMINO DE MATERIA
Descriptor José María Arguedas
9 (RLIN) 793
650 ## - PUNTO DE ACCESO ADICIONAL DE MATERIA--TÉRMINO DE MATERIA
Descriptor Machupicchu
9 (RLIN) 1751
700 ## - PUNTO DE ACCESO ADICIONAL--NOMBRE DE PERSONA
Nombre Personal Flores Ochoa, Jorge
9 (RLIN) 2915
700 ## - PUNTO DE ACCESO ADICIONAL--NOMBRE DE PERSONA
Nombre Personal Morvelí Salas, Mario
9 (RLIN) 7203
700 ## - PUNTO DE ACCESO ADICIONAL--NOMBRE DE PERSONA
Nombre Personal Castillo Cerf, Diana
9 (RLIN) 46957
700 ## - PUNTO DE ACCESO ADICIONAL--NOMBRE DE PERSONA
Nombre Personal Arguedas, José María
9 (RLIN) 790
700 ## - PUNTO DE ACCESO ADICIONAL--NOMBRE DE PERSONA
Nombre Personal Valderrama Fernández, Ricardo
9 (RLIN) 7653
710 ## - PUNTO DE ACCESO ADICIONAL--NOMBRE DE ENTIDAD CORPORATIVA
Nombre corporativo (En letras Mayúsculas) Universidad Nacional de San Antonio Abad del Cusco
9 (RLIN) 15942
942 ## - ELEMENTOS DE PUNTO DE ACCESO ADICIONAL (KOHA)
Fuente de clasificación
Tipo de item Revistas cusqueñas
945 ## - PROCESAMIENTO DE INFORMACIÓN LOCAL (OCLC)
Catalogador rac
Holdings
Estado de retiro (separado) Fuente de clasificación o esquema de estanterías Estado dañado Ubicación Sala donde se ubica Nombre de la colección Fecha de adquisición o compra Costo, precio normal en soles Signatura topográfica Código de Barras Última vez visto (Koha) Tipo de ítem (Koha)
No     Sala Hemeroteca Sala Hemeroteca Book Cart 2022-01-13 10.00 Rev.Anto/N°119/2011 REVC000461 2022-01-13 Revistas cusqueñas

Powered by Koha